| 000 | 00391nam a2200157Ia 4500 | ||
|---|---|---|---|
| 005 | 20250423100932.0 | ||
| 008 | 250422s9999 xx 000 0 und d | ||
| 020 | _a0- 15- 581425- 7 | ||
| 050 | _aHN59.2.D38 | ||
| 100 | _aJames A. Davis | ||
| 245 | 0 | _aSocial differences in contemporary America | |
| 260 | _bHarcourt brace jovanovich | ||
| 260 | _c1987 | ||
| 300 | _a237 p | ||
| 942 | _cBK | ||
| 999 |
_c34794 _d34794 |
||